World government / (Record no. 13570)

000 -LEADER
fixed length control field 00783cam a2200241 a 4500
020 ## - INTERNATIONAL STANDARD BOOK NUMBER
ISBN 0684192853 :
040 ## - CATALOGING SOURCE
Transcribing agency DLC
082 00 - DEWEY DECIMAL CLASSIFICATION NUMBER
Classification number 909 SCR 1992 A101 Or.
100 1# - MAIN ENTRY--AUTHOR NAME
Personal name Jacobs, William Jay.
245 10 - TITLE STATEMENT
Title World government /
250 ## - EDITION STATEMENT
Edition statement 1st ed.
260 ## - PUBLICATION, DISTRIBUTION, ETC. (IMPRINT)
Place of publication New York :
Name of publisher Scribner ;
Place of publication Toronto :
Name of publisher Maxwell Macmillan Canada ;
Place of publication New York :
Name of publisher Maxwell Macmillan International,
Year of publication c1992.
300 ## - PHYSICAL DESCRIPTION
Number of Pages xi, 306 p. :
Other physical details ill. ;
Dimensions 24 cm.
490 1# - SERIES STATEMENT
Series statement Great lives
520 ## - SUMMARY, ETC.
Summary, etc Presents biographical sketches of twenty-five world leaders from the early nineteenth century to the present day.
650 #0 - SUBJECT ADDED ENTRY--TOPICAL TERM
Topical Term Heads of state
650 #0 - SUBJECT ADDED ENTRY--TOPICAL TERM
Topical Term History, Modern
650 #0 - SUBJECT ADDED ENTRY--TOPICAL TERM
Topical Term History, Modern
650 #1 - SUBJECT ADDED ENTRY--TOPICAL TERM
Topical Term Heads of state.
650 #1 - SUBJECT ADDED ENTRY--TOPICAL TERM
Topical Term History, Modern
650 #1 - SUBJECT ADDED ENTRY--TOPICAL TERM
Topical Term History, Modern
942 ## - ADDED ENTRY ELEMENTS (KOHA)
Koha item type សៀវភៅភាសាអង់គ្លេស
952 ## - LOCATION AND ITEM INFORMATION (KOHA)
Withdrawn status [LOCAL, KOHA] 0
Holdings
Permanent Location Date acquired Koha item type Lost status Shelving location Barcode Current Location Full call number
Library Block A2017-08-28សៀវភៅភាសាអង់គ្លេស A102A22160Library Block A909 SCR 1992 A102 Or.
មជ្ឈមណ្ឌលឯការនៃសាកលវិទ្យាល័យភូមិន្ទកសិកម្មចំការដូង

Powered by Koha